| 000 | 00316nam a22001097a 4500 | ||
|---|---|---|---|
| 082 | _a530 | ||
| 100 |
_aJha,Sanjeev Kumar _982580 |
||
| 245 |
_a164 Chapterwise + Topicwise JEE Main Physics _bonline(2024-2012) & Offline (2018-2002) |
||
| 260 |
_aDelhi _bDisha Publication _c2024 |
||
| 650 | _aPhysics | ||
| 942 | _cC. BOOKS | ||
| 999 |
_c67177 _d67177 |
||